000 00306nam a22000977a 4500
008 150625b xxu||||| |||| 00| 0 eng d
010 _8HCCRSARF:010
245 _aHIGH COURT CRIMINAL SESSION NO.24 OF 1970 Uganda Vs Nakinali Muloni
260 _aHigh Court Kampala
500 _3BEFORE: Hon. Mr. Justice D.J. Jones
999 _c6799
_d6799